Normal view
MARC view
- Mahathir bin Mohamad,
Entry Personal Name
001 - CONTROL NUMBER
- control field: 7929
003 - CONTROL NUMBER IDENTIFIER
- control field: OSt
005 - DATE AND TIME OF LATEST TRANSACTION
- control field: 20170525085235.0
008 - FIXED-LENGTH DATA ELEMENTS
- fixed length control field: 170525|| aca||aabn | a|a d
040 ## - CATALOGING SOURCE
- Original cataloging agency: OSt
- Transcribing agency: OSt
100 ## - HEADING--PERSONAL NAME
- Personal name: Mahathir bin Mohamad,
- Titles and other words associated with a name: Tun,
- Dates associated with a name: 1925-
- Form subdivision: Pictorial works
670 ## - SOURCE DATA FOUND
- Source citation: Work cat.: (OSt)0: A Tribute to Dr. Mahathir Mohamad :, 2003

PORTAL AKMAL
E-MEL JKDM
AKMAL2U
G-BAM
u-PUSTAKA